Lord of the Rings - Top 50 Characters - Statistics

General Stats
  • This quiz has been taken 19,822 times
  • The average score is 28 of 50
Answer Stats
Mentions Character % Correct
2028 Frodo Baggins
99%
1158 Gandalf
98%
1341 Samwise Gamgee
98%
794 Aragorn II Elessar
96%
340 Legolas Greenleaf
96%
398 Gimli
95%
746 Peregrin Took
95%
239 Sauron
95%
641 Meriadoc Brandybuck
94%
286 Boromir II
92%
379 Bilbo Baggins
91%
300 Saruman
90%
308 Faramir
88%
586 Gollum/Smeagol
88%
237 Elrond Half-elven
86%
95 Lady Galadriel
85%
52 Arwen Undomiel
84%
248 Theoden Ednew
78%
132 Eowyn
77%
248 Eomer Eadig
72%
239 Denethor II
67%
151 Treebeard
66%
143 Tom Bombadil
60%
53 Celeborn the Wise
59%
79 Grima Wormtongue
59%
25 The Witch-King of Angmar
56%
41 Shelob
50%
24 Gloin
48%
104 Isildur
45%
30 Balin
42%
40 Thorin Oakenshield
42%
75 Shadowfax
40%
54 Durin the Deathless
33%
44 Haldir
33%
41 Bill the Pony
28%
37 Arathorn II
27%
87 Elendil
27%
43 Glorfindel
27%
60 Hamfast Gamgee
21%
106 Barliman Butterbur
19%
33 Goldberry
19%
56 Ugluk
18%
49 Shagrat
16%
38 Imrahil the Fair
13%
76 Beregond
11%
30 Gorbag
9%
29 Helm Hammerhand
8%
56 Eorl the Young
6%
34 Gildor Inglorion
6%
25 Arvedui
3%
No matching quizzes found
Score Distribution
Percent of People with Each Score
Percentile by Number Answered
Your Score History
You have not taken this quiz